[Event "ch-ISL"]
[Site "Egilsstadir ISL"]
[Date "2011.04.21"]
[Round "7"]
[White "Gislason,G"]
[Black "Thorfinnsson,Br"]
[Result "1/2-1/2"]
[WhiteElo "2291"]
[BlackElo "2417"]
[EventDate "2011.04.15"]

1. d4 Nf6 2. Nf3 e6 3. c4 b6 4. g3 Ba6 5. b3 Bb7 6. Bg2 Bb4+ 7. Bd2 a5 8.
O-O O-O 9. Bc1 Be7 10. Nc3 d5 11. Ne5 h6 12. Qc2 Na6 13. Rd1 c6 14. Bb2 Rc8
15. e4 Re8 16. Rac1 b5 17. exd5 exd5 18. Qf5 bxc4 19. bxc4 Bf8 20. Rb1 Rc7
21. cxd5 cxd5 22. Nb5 Rc8 23. Bc1 Ba8 24. Bf4 Qe7 25. Bh3 Rcd8 26. Bf1 Ne4
27. f3 Ng5 28. Bxg5 hxg5 29. Bd3 g6 30. Nxg6 fxg6 31. Qxg6+ Bg7 32. Re1 Qf7
33. Qxa6 Rf8 34. Bg6 Qf6 35. Qxf6 Rxf6 36. Bh5 Rb6 37. Kg2 Rdb8 38. a4 Bc6
39. Re7 Bxb5 40. axb5 Rxb5 41. Rc1 Bxd4 42. Rd7 a4 43. Bf7+ Kh8 44. Bxd5 a3
45. Bc4 Bb2 46. Rcd1 Rc5 47. Bf7 Ra8 48. Kh3 Rf5 49. Ba2 Raf8 50. Ra7 R5f6
51. Kg4 Rh6 52. h3 Rc8 53. Rdd7 Bc1 54. Rac7 Rxc7 55. Rxc7 Bb2 56. Kxg5
Rxh3 57. g4 Rxf3 58. Kh5 Rc3 59. Ra7 Rc5+ 60. g5 Bc1 61. Kg6 Rxg5+ 62. Kf6
Rb5 63. Be6 Bf4 64. Rxa3 Kh7 65. Bf5+ Kg8 66. Be6+ Kf8 67. Ra8+ Bb8 68. Bf5
Rb6+ 69. Kg5 1/2-1/2

[Event "ch-ISL"]
[Site "Egilsstadir ISL"]
[Date "2011.04.21"]
[Round "7"]
[White "Steingrimsson,H"]
[Black "Kristjansson,St"]
[Result "1/2-1/2"]
[WhiteElo "2554"]
[BlackElo "2483"]
[EventDate "2011.04.15"]

1. d4 Nf6 2. c4 e6 3. Nc3 c5 4. d5 exd5 5. cxd5 d6 6. e4 g6 7. f4 Bg7 8.
Bb5+ Nfd7 9. a4 Qh4+ 10. g3 Qd8 11. Nf3 O-O 12. O-O Na6 13. f5 Ne5 14. Nxe5
Bxe5 15. Bh6 Nc7 16. Bxf8 Qxf8 17. Bc4 Bd7 18. Qd3 a6 19. a5 Rb8 20. Ra3 b5
21. axb6 Rxb6 22. Rb3 Rxb3 23. Bxb3 Qb8 24. Nd1 Qb4 25. Bc4 a5 26. b3 Ne8
27. Kg2 Nf6 28. Ne3 Qa3 29. Qc2 a4 30. Rf3 Qa1 31. bxa4 Bxa4 32. Bb3 Bb5
33. Bc4 Ba4 34. Qa2 Nxe4 35. Qxa1 Bxa1 36. Bd3 Nf6 37. Nc4 Nxd5 38. Nxd6
Bd1 39. fxg6 Bxf3+ 1/2-1/2

[Event "ch-ISL"]
[Site "Egilsstadir ISL"]
[Date "2011.04.21"]
[Round "7"]
[White "Kjartansson,G"]
[Black "Lagerman,R"]
[Result "0-1"]
[WhiteElo "2327"]
[BlackElo "2320"]
[EventDate "2011.04.15"]

1. d4 Nf6 2. c4 c5 3. d5 d6 4. Nc3 g6 5. e4 Bg7 6. h3 b5 7. cxb5 a6 8. a4
O-O 9. Nf3 e6 10. dxe6 Bxe6 11. Be2 axb5 12. Bxb5 d5 13. exd5 Nxd5 14. Nxd5
Bxd5 15. O-O Nc6 16. Bg5 Bxf3 17. Qxf3 Qxg5 18. Bxc6 Ra7 19. Rab1 Rb8 20.
b3 Bd4 21. Rbe1 Kg7 22. Bd5 Rb6 23. Bc4 Rf6 24. Qe4 Rf4 25. Qc6 Re7 26. Rd1
Re5 27. a5 Bxf2+ 28. Kh1 Qg3 29. a6 Rh5 30. Qd7 Rff5 31. Rd3 Be3 32. Qxf7+
Rxf7 33. Rxf7+ Kh6 34. Rxe3 Qxe3 35. a7 Qe1+ 36. Kh2 Qe5+ 37. Kh1 Qa1+ 38.
Kh2 Rf5 39. Re7 Re5 40. Rd7 Re1 41. Bd5 Qe5+ 42. g3 Re2+ 0-1

[Event "ch-ISL"]
[Site "Egilsstadir ISL"]
[Date "2011.04.21"]
[Round "7"]
[White "Halldorsson,J"]
[Black "Thorhallsson,T"]
[Result "0-1"]
[WhiteElo "2195"]
[BlackElo "2387"]
[EventDate "2011.04.15"]

1. d4 Nf6 2. Nf3 e6 3. g3 b5 4. Bg2 Bb7 5. O-O c5 6. c3 Be7 7. a4 b4 8.
cxb4 cxb4 9. Nbd2 O-O 10. Nc4 d6 11. Bg5 h6 12. Bxf6 Bxf6 13. Rc1 Na6 14.
Qd3 Re8 15. Nfd2 d5 16. Ne5 Bxe5 17. dxe5 Re7 18. Nb3 Rc8 19. Rxc8 Qxc8 20.
Rc1 Rc7 21. Rxc7 Qxc7 22. f4 Qc8 23. e3 Nc5 24. Nxc5 Qxc5 25. Bf1 Qc1 26.
b3 a5 27. Kf2 g6 28. h4 h5 29. Be2 Kg7 30. Bd1 Ba6 31. Qc2 Qa1 32. Qd2 Qb1
33. Qc2 Qa1 34. Qd2 Kh7 35. Ke1 Kg8 36. Kf2 Kf8 37. Qc2 Kg8 38. Qd2 Kh8 39.
Ke1 Kg8 40. Qc2 d4 0-1

[Event "ch-ISL"]
[Site "Egilsstadir ISL"]
[Date "2011.04.22"]
[Round "8"]
[White "Lagerman,R"]
[Black "Halldorsson,J"]
[Result "1/2-1/2"]
[WhiteElo "2320"]
[BlackElo "2195"]
[EventDate "2011.04.15"]

1. e4 e6 2. Nf3 d5 3. Nc3 dxe4 4. Nxe4 Nd7 5. d4 Ngf6 6. Nxf6+ Nxf6 7. Bd3
c5 8. O-O cxd4 9. Nxd4 Be7 10. c3 O-O 11. Re1 Re8 12. Qf3 Qd5 13. Bf4 Qxf3
14. Nxf3 Bd7 15. Ne5 Red8 16. Nxd7 Rxd7 17. Bb5 Rd5 18. Be2 Rc8 19. Rad1
Rxd1 20. Rxd1 Nd5 21. Bc1 b6 22. a3 Kf8 23. Ba6 Rd8 24. c4 Nc7 25. Rxd8+
Bxd8 26. Bb7 e5 27. Be3 Ne6 1/2-1/2

[Event "ch-ISL"]
[Site "Egilsstadir ISL"]
[Date "2011.04.22"]
[Round "8"]
[White "Kristjansson,St"]
[Black "Kjartansson,G"]
[Result "1/2-1/2"]
[WhiteElo "2483"]
[BlackElo "2327"]
[EventDate "2011.04.15"]

1. e4 c6 2. d4 d5 3. Nc3 dxe4 4. Nxe4 Bf5 5. Ng3 Bg6 6. h4 h6 7. Nf3 Nd7 8.
h5 Bh7 9. Bd3 Bxd3 10. Qxd3 e6 11. Bd2 Ngf6 12. O-O-O Be7 13. Qe2 c5 14. c4
cxd4 15. Nxd4 O-O 16. Kb1 a6 17. Bc3 Qb6 18. b3 Bb4 19. Bb2 Qa5 20. Ne4
Rad8 21. f4 Ba3 22. Bc3 Bb4 23. Bb2 Ba3 24. Ba1 Rfe8 25. Nc2 Be7 26. g4
Nxe4 27. Qxe4 Nc5 28. Qe3 Rxd1+ 29. Rxd1 Rd8 30. Rd4 Rxd4 31. Bxd4 Nd7 32.
f5 e5 33. Bc3 Qc5 34. Kb2 Nf6 35. g5 Qxe3 36. Nxe3 hxg5 37. Bxe5 Nxh5 38.
Kc3 Kf8 39. Kd4 Ke8 40. c5 Kd7 41. b4 g6 1/2-1/2

[Event "ch-ISL"]
[Site "Egilsstadir ISL"]
[Date "2011.04.22"]
[Round "8"]
[White "Johannesson,I"]
[Black "Thorhallsson,T"]
[Result "1/2-1/2"]
[WhiteElo "2338"]
[BlackElo "2387"]
[EventDate "2011.04.15"]

1. c4 e6 2. Nf3 Nf6 3. g3 d5 4. Bg2 dxc4 5. Na3 Be7 6. Nxc4 O-O 7. O-O a5
8. Nfe5 Nd5 9. d4 b5 10. Ne3 c6 11. Nxd5 cxd5 12. Be3 Qb6 13. Rc1 Bb7 14.
Qd2 f6 15. Nd3 Nd7 16. Bh3 Rfe8 17. Rc2 Rac8 1/2-1/2

[Event "ch-ISL"]
[Site "Egilsstadir ISL"]
[Date "2011.04.22"]
[Round "8"]
[White "Danielsen,Hen"]
[Black "Gislason,G"]
[Result "1/2-1/2"]
[WhiteElo "2533"]
[BlackElo "2291"]
[EventDate "2011.04.15"]

1. g3 g6 2. Bg2 Bg7 3. c4 d6 4. Nc3 Nf6 5. e4 O-O 6. Nge2 e5 7. O-O Nbd7 8.
f4 exf4 9. gxf4 Nb6 10. b3 Ng4 11. h3 Nh6 12. d4 c6 13. a4 f5 14. e5 dxe5
15. dxe5 Nd7 16. Ba3 Re8 17. b4 g5 18. b5 gxf4 19. bxc6 bxc6 20. Nxf4 Nxe5
21. Nh5 Qxd1 22. Raxd1 Be6 23. Nxg7 Kxg7 24. c5 Nhf7 25. Ne2 Bc4 26. Rf2
Bxe2 27. Rxe2 Nc4 28. Rxe8 Rxe8 29. Bxc6 Rd8 30. Rc1 Nxa3 31. Bb7 Rd4 32.
c6 Nc4 33. c7 Ncd6 34. a5 Ne5 35. c8=Q Nxc8 36. Rxc8 Rd7 37. a6 Kf6 38. Ra8
Kg5 39. Rxa7 Kf4 40. Ra8 Nf3+ 41. Bxf3 Kxf3 42. Rb8 Rd1+ 1/2-1/2

[Event "ch-ISL"]
[Site "Egilsstadir ISL"]
[Date "2011.04.23"]
[Round "9"]
[White "Gislason,G"]
[Black "Johannesson,I"]
[Result "1/2-1/2"]
[WhiteElo "2291"]
[BlackElo "2338"]
[EventDate "2011.04.15"]

1. d4 Nf6 2. Nf3 e6 3. g3 d5 4. Bg2 Be7 5. O-O O-O 6. b3 Nbd7 7. Bb2 b6 8.
c4 Bb7 9. cxd5 Bxd5 10. Nc3 Bb7 11. Qc2 c5 12. Rfd1 cxd4 13. Rxd4 Rc8 14.
Rad1 Qc7 15. Qb1 a6 16. Ng5 Rfd8 17. Bxb7 Qxb7 18. Nce4 Nf8 19. Rxd8 Rxd8
20. Rxd8 Bxd8 21. Nd6 Qd7 22. Ndxf7 h6 23. Ne5 Qd2 24. Ngf7 Qxe2 25. Nxd8
Ne4 26. Bd4 Nd2 27. Qd3 Qxd3 28. Nxd3 Nf3+ 29. Kg2 Nxd4 30. Ne5 g5 31. f3
Ne2 32. Ndc6 Nc1 33. Nb4 a5 34. Ned3 Nxd3 35. Nxd3 Nd7 36. Kf2 e5 37. Ke3
Kf7 38. Nf2 Ke6 39. Kd3 Kd5 40. Ne4 Nb8 41. Nc3+ Ke6 42. Kc4 Nc6 43. Kb5
Nd4+ 44. Kxb6 Nxf3 45. Kxa5 Nxh2 46. Kb6 Ng4 47. a4 Nf6 48. a5 Nd7+ 49. Kb5
Nb8 50. a6 Nxa6 51. Kxa6 h5 52. Ne4 Kf5 53. Nd2 e4 54. Nf1 h4 55. gxh4 gxh4
56. b4 Kf4 57. b5 e3 58. Nxe3 1/2-1/2

[Event "ch-ISL"]
[Site "Egilsstadir ISL"]
[Date "2011.04.23"]
[Round "9"]
[White "Thorhallsson,T"]
[Black "Lagerman,R"]
[Result "1/2-1/2"]
[WhiteElo "2387"]
[BlackElo "2320"]
[EventDate "2011.04.15"]

1. e4 e5 2. Nf3 Nc6 3. d4 exd4 4. Nxd4 Nf6 5. Nxc6 bxc6 6. e5 Qe7 7. Qe2
Nd5 8. c4 Nb6 9. Nd2 Qe6 10. b3 Bb4 11. Bb2 a5 12. a3 Bxd2+ 13. Qxd2 a4 14.
c5 Nd5 15. b4 d6 16. cxd6 cxd6 17. Bc4 dxe5 18. O-O O-O 19. Rae1 f6 20. f4
Ba6 21. Bxa6 Rxa6 22. fxe5 f5 23. Rc1 Raa8 24. Qe2 Ne7 25. Rfd1 Rfd8 26.
Qc2 h6 27. h3 f4 28. Qc3 Rf8 29. Rd6 Qf5 30. e6 Qg6 31. Qf3 Rf5 32. Re1 Rg5
33. Re2 Rf8 34. Rd7 Rg3 35. Rxe7 Rxf3 36. Rxg7+ Qxg7 37. Bxg7 Rxa3 38. Bxf8
Kxf8 39. Rc2 Rb3 40. Rxc6 Rxb4 1/2-1/2

[Event "ch-ISL"]
[Site "Egilsstadir ISL"]
[Date "2011.04.23"]
[Round "9"]
[White "Steingrimsson,H"]
[Black "Danielsen,Hen"]
[Result "1-0"]
[WhiteElo "2554"]
[BlackElo "2533"]
[EventDate "2011.04.15"]

1. d4 Nf6 2. c4 g6 3. Nc3 Bg7 4. e4 d6 5. Nf3 O-O 6. Be2 e5 7. O-O Nc6 8.
d5 Ne7 9. b4 c6 10. Bb2 a5 11. a3 Bg4 12. Nd2 axb4 13. axb4 Rxa1 14. Bxa1
Bxe2 15. Qxe2 cxd5 16. exd5 Nh5 17. Rd1 Nf4 18. Qf1 Qd7 19. Nb5 Ra8 20. Bc3
Ra2 21. g3 Nh3+ 22. Kg2 Nf5 23. Ra1 Rxa1 24. Bxa1 Ng5 25. Qe2 h5 26. h4 Nh7
27. Bc3 Nf6 28. Ne4 Ng4 29. Qd3 Nf6 30. Nxf6+ Bxf6 31. c5 dxc5 32. bxc5 Ne7
33. Nd6 Bg7 34. Bb4 f5 35. Ba3 Kh7 36. Qb3 e4 37. Kf1 Be5 38. Nf7 Bf6 39.
d6 Nc6 40. Ng5+ Bxg5 41. hxg5 f4 42. gxf4 Nd4 43. Qc3 Nb5 44. Qb3 Nd4 45.
Qc3 Nb5 46. Qe3 Qg4 47. Bb2 Qd1+ 48. Kg2 Qg4+ 49. Qg3 Qe6 50. Qh3 1-0

[Event "ch-ISL"]
[Site "Egilsstadir ISL"]
[Date "2011.04.23"]
[Round "9"]
[White "Kjartansson,G"]
[Black "Thorfinnsson,Br"]
[Result "1/2-1/2"]
[WhiteElo "2327"]
[BlackElo "2417"]
[EventDate "2011.04.15"]

1. d4 d5 2. c4 c6 3. Nc3 Nf6 4. e3 a6 5. Nf3 b5 6. b3 Bg4 7. Be2 e6 8. h3
Bxf3 9. Bxf3 Nbd7 10. O-O Be7 11. Bb2 O-O 12. Qc2 Rc8 13. c5 e5 14. b4 e4
15. Be2 Ne8 16. a4 Nc7 17. axb5 axb5 18. Bc1 f5 19. f4 exf3 20. Rxf3 g6 21.
g4 Ne6 22. gxf5 Ng5 23. Rg3 Qc7 24. Kg2 Rxf5 25. Bg4 Rf1 26. Bb2 Rxa1 27.
Bxa1 Ra8 28. Bb2 Nf6 29. Bf3 Nxf3 30. Rxf3 Qd7 31. e4 dxe4 32. Nxe4 Qd5 33.
Nxf6+ Bxf6 34. Qb3 Qxb3 35. Rxb3 Rd8 36. Ra3 Bxd4 37. Bxd4 Rxd4 38. Ra6
Rxb4 39. Rxc6 Rc4 40. Rc7 b4 41. Rb7 Rxc5 42. Rxb4 Rf5 43. Kg3 Kg7 44. Kg4
h5+ 45. Kh4 Re5 46. Rb6 Re4+ 47. Kg5 Re5+ 48. Kh4 Rf5 49. Ra6 Rf6 50. Ra8
Rf4+ 51. Kg5 Rf5+ 52. Kh4 Rf8 53. Rxf8 Kxf8 54. Kg5 Kf7 55. h4 Kg7 56. Kf4
Kf6 57. Ke4 g5 58. hxg5+ Kxg5 59. Kf3 1/2-1/2

[Event "ch-ISL"]
[Site "Egilsstadir ISL"]
[Date "2011.04.23"]
[Round "9"]
[White "Halldorsson,J"]
[Black "Kristjansson,St"]
[Result "0-1"]
[WhiteElo "2195"]
[BlackElo "2483"]
[EventDate "2011.04.15"]

1. d4 Nf6 2. Nf3 e6 3. e3 c5 4. Bd3 b6 5. O-O Bb7 6. Nbd2 Be7 7. c3 O-O 8.
e4 cxd4 9. cxd4 Ba6 10. Bxa6 Nxa6 11. a3 Qc7 12. Qe2 Qb7 13. Re1 d5 14. e5
Nd7 15. Nf1 Rfc8 16. Bg5 Bf8 17. Rec1 b5 18. Rxc8 Rxc8 19. Rc1 Rxc1 20.
Bxc1 Qc6 21. Qd1 Nb6 22. b3 Qc3 23. Ne3 Qa1 24. Nc2 Qa2 25. Nd2 Nb8 26. b4
Nc6 27. Kf1 Be7 28. Ke1 Na4 29. Nf3 a5 30. Bd2 Nb2 0-1